000 00754nam a2200253 i 4500
001 C2-0276600
003 PPAK
005 20180728004951.0
008 061203s2004 my a|||| ||||| | eng d
020 _a983881136X
040 _aPPAK
_beng
_cPPAK
_erda
082 0 4 _a823
_223
090 0 0 _a823
_bMIL
_dK
245 0 4 _aThe milkmaid and her dream & other stories
264 1 _aBatu Caves, Selangor :
_bWords & Wisdom ,
_c2004
300 _a[14 pages] :
_bcolour illustrations ;
_c17 cm
336 _2rdacontent
_atext
337 _2rdamedia
_aunmediated
338 _2rdacarrier
_avolume
490 1 _aAesop's moral stories & other stories
650 1 0 _aShort stories, English.
830 0 _aAesop's moral stories & other stories
942 _ddc
_cB
999 _c84021
_d84021